Pensar la Alhambra / (Record no. 47826)

MARC details
000 -LEADER
campo de control de longitud fija 00955nam a2200265 i 4500
001 - NÚMERO DE CONTROL
campo de control 47826
003 - IDENTIFICADOR DE NÚMERO DE CONTROL
campo de control ES-MaACL
005 - FECHA Y HORA DE LA ÚLTIMA TRANSACCIÓN
campo de control 20231122134137.0
007 - CAMPO FIJO DE DESCRIPCIÓN FÍSICA--INFORMACIÓN GENERAL
campo de control de longitud fija t|
008 - DATOS DE LONGITUD FIJA--INFORMACIÓN GENERAL
campo de control de longitud fija 030527s2001 sp ||||0| spa j
020 ## - NÚMERO INTERNACIONAL ESTÁNDAR DEL LIBRO
Número Internacional Estándar del Libro 84-7658-605-1
040 ## - FUENTE DE CATALOGACIÓN
Centro catalogador/agencia de origen M-BN
Lengua de catalogación spa
Centro/agencia transcriptor M-BN
080 ## - NÚMERO DE LA CLASIFICACIÓN DECIMAL UNIVERSAL
Número de la Clasificación Decimal Universal 728.82(460.357 G.)
245 00 - MENCIÓN DEL TÍTULO
Título Pensar la Alhambra /
Mención de responsabilidad, etc. José Antonio González Alcantud, Antonio Malpica Cuello (eds.).
250 ## - MENCION DE EDICION
Mención de edición 1ª ed.
260 ## - PUBLICACIÓN, DISTRIBUCIÓN, ETC.
Lugar de publicación, distribución, etc. Rubí (Barcelona) :
Nombre del editor, distribuidor, etc. Anthropos ;
Lugar de publicación, distribución, etc. [Granada] :
Nombre del editor, distribuidor, etc. Centro de Investigaciones Etnológicas "Angel Ganivet",
Fecha de publicación, distribución, etc. 2001.
300 ## - DESCRIPCIÓN FÍSICA
Extensión 318 p., [1] h. de lám. col. :
Otras características físicas il ;
Dimensiones 24 cm.
504 ## - NOTA DE BIBLIOGRAFÍA, ETC.
Nota de bibliografía, etc. Bibliografía.
610 2# - PUNTO DE ACCESO ADICIONAL DE MATERIA--NOMBRE DE ENTIDAD CORPORATIVA
Nombre de entidad corporativa o nombre de jurisdicción como elemento de entrada Alhambra (Granada)
9 (RLIN) 145495
700 1# - ENTRADA AGREGADA--NOMBRE PERSONAL
Nombre de persona González Alcantud, José Antonio.
9 (RLIN) 58402
700 1# - ENTRADA AGREGADA--NOMBRE PERSONAL
Nombre de persona Malpica Cuello, Antonio.
9 (RLIN) 75858
710 2# - ENTRADA AGREGADA--NOMBRE DE ENTIDAD CORPORATIVA
Nombre de entidad corporativa o nombre de jurisdicción como elemento de entrada Centro de Investigaciones Etnológicas "Ángel Ganivet" (Granada)
9 (RLIN) 2706
852 ## - LOCALIZACIÓN
Ubicación ES-MaACL
Número de control de estantería L-26411
Sublocalización o colección R.131192
Holdings
Estatus retirado Estado de pérdida Estado de daño No para préstamo Biblioteca de origen Biblioteca actual Ubicación en estantería Fecha de adquisición Fuente de adquisición Total de préstamos Signatura topográfica completa Código de barras Visto por última vez Precio de reemplazo Tipo de ítem Koha
        Biblioteca del Ateneo de Madrid Biblioteca del Ateneo de Madrid Depósito 2 17/01/2008     L-26411 1050330 23/02/2023 23/02/2023 Libro impreso